[Event "Australian Masters"]
[Site "Melbourne"]
[Date "2002.07.07"]
[Round "7"]
[White "Kagan, Naum M"]
[Black "Solomon, Stephen J"]
[Result "0-1"]
[WhiteElo "2250"]
[BlackElo "2375"]
[PlyCount "50"]
[EventDate "2002.07.01"]
[EventType "tourn"]
[EventRounds "11"]
[EventCountry "AUS"]
[EventCategory "2"]
[SourceTitle "EXT 2004"]
[Source "ChessBase"]
[SourceDate "2003.11.25"]
[SourceVersion "1"]
[SourceVersionDate "2003.11.25"]
[SourceQuality "1"]

1. d4 d5 2. Nf3 c6 3. c4 e6 4. Qc2 f5 5. g3 Nf6 6. Bg2 Bd6 7. 0-0 0-0 8. b3 Qe7 9. Bf4 Bxf4 10. gxf4 Ne4 11. e3 Nd7 12. Nbd2 b6 13. Ne5 Nxe5 14. fxe5 Nxd2 15. Qxd2 f4 16. exf4 Qh4 17. Rfd1 Rxf4 18. Rac1 Ba6 19. cxd5 cxd5 20. Qe3 Raf8 21. Rd2 Qh5 22. Rc6 Rf3 23. Qe1 R8f5 24. Qd1 Rg5 25. Rc1 Qh3 0-1

[Event "Australian Masters"]
[Site "Melbourne"]
[Date "2002.07.05"]
[Round "5"]
[White "Kagan, Naum M"]
[Black "Guthrie, David"]
[Result "1/2-1/2"]
[WhiteElo "2250"]
[BlackElo "2139"]
[PlyCount "69"]
[EventDate "2002.07.01"]
[EventType "tourn"]
[EventRounds "11"]
[EventCountry "AUS"]
[EventCategory "2"]
[SourceTitle "EXT 2004"]
[Source "ChessBase"]
[SourceDate "2003.11.25"]
[SourceVersion "1"]
[SourceVersionDate "2003.11.25"]
[SourceQuality "1"]

1. d4 Nf6 2. Nf3 e6 3. Bg5 h6 4. Bh4 d6 5. Nbd2 g5 6. Bg3 Nh5 7. e3 Bg7 8. Ng1 Nxg3 9. hxg3 Nc6 10. c3 Qe7 11. Bd3 Bd7 12. Ne2 f5 13. b4 Qf7 14. Qc2 e5 15. g4 exd4 16. exd4 0-0 17. gxf5 Bxf5 18. Bxf5 Qxf5 19. Qxf5 Rxf5 20. 0-0 Re8 21. Ng3 Rf7 22. Nc4 Kh7 23. Rfe1 Rfe7 24. Rxe7 Rxe7 25. Ne3 Nd8 26. Nd5 Rd7 27. Nf5 c6 28. Nde3 Kg6 29. g4 Ne6 30. Kg2 Nf4+ 31. Kf3 Bf8 32. Rd1 d5 33. Rb1 h5 34. gxh5+ Nxh5 35. Ng3 1/2-1/2

[Event "Oceania zt"]
[Site "Warwick Fiji"]
[Date "2002.05.07"]
[Round "3"]
[White "Canfell, Gregory"]
[Black "Kagan, Naum M"]
[Result "1/2-1/2"]
[WhiteElo "2334"]
[BlackElo "2250"]
[PlyCount "104"]
[EventDate "2002.05.06"]
[EventType "swiss"]
[EventRounds "9"]
[EventCountry "FIJ"]
[SourceTitle "CBM 088 Extra"]
[Source "ChessBase"]
[SourceDate "2002.07.01"]
[SourceVersion "2"]
[SourceVersionDate "2002.07.01"]
[SourceQuality "1"]

1. e4 e5 2. Nf3 Nf6 3. Nxe5 d6 4. Nf3 Nxe4 5. d4 d5 6. Bd3 Bd6 7. 0-0 0-0 8. c4 c6 9. Nc3 Bf5 10. Qc2 Na6 11. a3 Re8 12. Re1 Bg4 13. Ne5 Bxe5 14. dxe5 Nac5 15. Nxe4 Nxd3 16. Qxd3 Bf5 17. cxd5 cxd5 18. Nf6+ Qxf6 19. Qxd5 Qb6 20. b4 Rad8 21. Qf3 Qg6 22. Bf4 Rd4 23. Be3 Rd3 24. Qf4 b6 25. a4 Qe6 26. a5 bxa5 27. Rxa5 a6 28. h3 h6 29. Rea1 Rb3 30. Rxa6 Qxe5 31. Qxe5 Rxe5 32. R6a5 Rxa5 33. bxa5 Rb1+ 34. Rxb1 Bxb1 35. a6 Be4 36. Bd4 g6 37. f3 Bd5 38. Kf2 Kf8 39. Ke3 Ke7 40. Bg7 h5 41. Kd4 Ba8 42. Ke5 Bc6 43. Bf6+ Kd7 44. Bh4 Kc7 45. Kf6 Bd5 46. Bf2 Bc4 47. a7 Kb7 48. g4 hxg4 49. fxg4 Bf1 50. h4 Be2 51. Kxf7 Bxg4 52. Kxg6 Bd1 1/2-1/2

[Event "Olympiad-33"]
[Site "Elista"]
[Date "1998.10.10"]
[Round "11.4"]
[White "Kagan, Naum M"]
[Black "Mora Manez, Julio"]
[Result "1/2-1/2"]
[WhiteElo "2260"]
[BlackElo "2080"]
[PlyCount "100"]
[EventDate "1998.09.29"]
[EventType "team-swiss"]
[EventRounds "13"]
[EventCountry "RUS"]
[SourceTitle "CBM 068"]
[Source "ChessBase"]
[SourceDate "1999.02.01"]
[SourceVersion "1"]
[SourceVersionDate "1999.02.01"]
[SourceQuality "1"]
[WhiteTeam "Australia"]
[BlackTeam "IBCA"]
[WhiteTeamCountry "AUS"]

1. d4 e6 2. Nf3 d5 3. e3 c6 4. Bd3 f5 5. 0-0 Nf6 6. b3 Bd6 7. Ba3 0-0 8. c4 b6 9. Qc1 Bb7 10. Bxd6 Qxd6 11. Qa3 Qxa3 12. Nxa3 Na6 13. cxd5 cxd5 14. Bxa6 Bxa6 15. Rfc1 Rac8 16. Ng5 Rfe8 17. f3 h6 18. Nh3 Kf7 19. Nc2 Bb7 20. Nb4 g5 21. Nf2 Ke7 22. Nbd3 Rxc1+ 23. Rxc1 Rc8 24. Rxc8 Bxc8 25. Ne5 Bd7 26. g3 Ne8 27. Nd1 Nd6 28. Nc3 Be8 29. Kf2 Kf6 30. h3 Ke7 31. g4 Kf6 32. Kg3 Ke7 33. Kf2 Kf6 34. a4 a6 35. Ke2 Ke7 36. Kd3 fxg4 37. hxg4 Nb7 38. b4 Nd6 39. e4 dxe4+ 40. fxe4 Nc8 41. d5 exd5 42. exd5 h5 43. gxh5 Bxh5 44. Ne4 Be8 45. a5 bxa5 46. bxa5 Nd6 47. Ng3 Nb7 48. Ne4 Nxa5 49. Nc5 Kd6 50. Kd4 Nc6+ 1/2-1/2

[Event "Olympiad-33"]
[Site "Elista"]
[Date "1998.10.06"]
[Round "8.4"]
[White "Kabir, S Ruhul"]
[Black "Kagan, Naum M"]
[Result "1/2-1/2"]
[WhiteElo "2165"]
[BlackElo "2260"]
[PlyCount "89"]
[EventDate "1998.09.29"]
[EventType "team-swiss"]
[EventRounds "13"]
[EventCountry "RUS"]
[SourceTitle "CBM 068"]
[Source "ChessBase"]
[SourceDate "1999.02.01"]
[SourceVersion "1"]
[SourceVersionDate "1999.02.01"]
[SourceQuality "1"]
[WhiteTeam "Bangladesh"]
[BlackTeam "Australia"]
[WhiteTeamCountry "BAN"]
[BlackTeamCountry "AUS"]

1. e4 e6 2. d4 d5 3. exd5 exd5 4. Bd3 Bd6 5. Nf3 Ne7 6. 0-0 Bg4 7. c3 Nbc6 8. Nbd2 Qd7 9. b4 0-0 10. Qc2 Bf5 11. Re1 Bxd3 12. Qxd3 Ng6 13. Nf1 a5 14. b5 Na7 15. a4 Nc8 16. Ne3 Nb6 17. Qf5 Qxf5 18. Nxf5 Rfe8 19. Be3 Ne7 20. Nxe7+ Rxe7 21. Nd2 Rae8 22. Rec1 f5 23. g3 h6 24. c4 Bb4 25. c5 Bxd2 26. Bxd2 Nc4 27. Bc3 b6 28. Kf1 Kf7 29. Re1 Re4 30. Rad1 g5 31. Rxe4 Rxe4 32. Re1 Ke6 33. f3 Rxe1+ 34. Kxe1 h5 35. Ke2 f4 36. gxf4 gxf4 37. c6 Kf5 38. Kd3 Kg5 39. Be1 Nb2+ 40. Kc2 Nc4 41. Kd3 Nd6 42. h4+ Kf5 43. Bd2 Nc8 44. Bc1 Ne7 45. Bd2 1/2-1/2

[Event "Olympiad-33"]
[Site "Elista"]
[Date "1998.09.29"]
[Round "1.3"]
[White "Raphael, John"]
[Black "Kagan, Naum M"]
[Result "0-1"]
[WhiteElo "2220"]
[BlackElo "2260"]
[PlyCount "82"]
[EventDate "1998.09.29"]
[EventType "team-swiss"]
[EventRounds "13"]
[EventCountry "RUS"]
[SourceTitle "CBM 068"]
[Source "ChessBase"]
[SourceDate "1999.02.01"]
[SourceVersion "1"]
[SourceVersionDate "1999.02.01"]
[SourceQuality "1"]
[WhiteTeam "Trinidad and Tobago"]
[BlackTeam "Australia"]
[WhiteTeamCountry "TRI"]
[BlackTeamCountry "AUS"]

1. Nf3 Nf6 2. g3 d5 3. Bg2 e6 4. d3 c5 5. Nbd2 Nc6 6. 0-0 Be7 7. e4 Qc7 8. Re1 b6 9. Nf1 dxe4 10. dxe4 Bb7 11. c3 0-0 12. Qc2 Rfd8 13. Bf4 e5 14. Bg5 Ba6 15. Rad1 Rxd1 16. Rxd1 Bxf1 17. Bxf1 Rd8 18. Rxd8+ Nxd8 19. Bh3 Nc6 20. Qd3 h6 21. Be3 Na5 22. Nd2 c4 23. Qe2 b5 24. f4 Nc6 25. Bf5 Qa5 26. Nxc4 bxc4 27. Qxc4 exf4 28. gxf4 Nd8 29. e5 Ne8 30. Bd7 Kf8 31. Qe4 Bc5 32. e6 Bxe3+ 33. Qxe3 fxe6 34. Bxe6 Nxe6 35. Qxe6 Qb6+ 36. Qxb6 axb6 37. Kf2 Ke7 38. Ke3 Kd6 39. a4 Nc7 40. Kd4 Ne6+ 41. Ke3 Nc5 0-1

[Event "Melbourne Black Opal"]
[Site "Melbourne"]
[Date "1998.01.17"]
[Round "6"]
[White "Johansen, Darryl Keith"]
[Black "Kagan, Naum M"]
[Result "1-0"]
[WhiteElo "2490"]
[BlackElo "2265"]
[PlyCount "63"]
[EventDate "1998.01.12"]
[EventType "tourn"]
[EventRounds "9"]
[EventCountry "AUS"]
[EventCategory "4"]
[SourceTitle "CBM 062 Extra"]
[Source "ChessBase"]
[SourceDate "1998.03.09"]
[SourceVersion "1"]
[SourceVersionDate "1998.03.09"]
[SourceQuality "1"]

1. e4 e5 2. Nf3 d6 3. d4 exd4 4. Qxd4 Bd7 5. Bf4 Nf6 6. Nc3 Nc6 7. Qd2 Be7 8. h3 0-0 9. 0-0-0 a6 10. e5 dxe5 11. Nxe5 Nxe5 12. Bxe5 Bc6 13. Qf4 Qc8 14. Bd3 b5 15. Rhe1 b4 16. Ne2 h6 17. Nd4 Bd7 18. Re3 Nh5 19. Qe4 g6 20. g4 Nf6 21. Qf4 g5 22. Qf3 Kg7 23. Bf5 Be6 24. Nc6 Qe8 25. Be4 Rc8 26. h4 Rh8 27. Rh1 Qd7 28. Rd3 Bxg4 29. Qe3 Qe6 30. hxg5 Qxa2 31. gxf6+ Bxf6 32. Bxf6+ 1-0

[Event "Melbourne Black Opal"]
[Site "Melbourne"]
[Date "1998.01.15"]
[Round "4"]
[White "Speck, Nick"]
[Black "Kagan, Naum M"]
[Result "1/2-1/2"]
[WhiteElo "2185"]
[BlackElo "2265"]
[PlyCount "42"]
[EventDate "1998.01.12"]
[EventType "tourn"]
[EventRounds "9"]
[EventCountry "AUS"]
[EventCategory "4"]
[SourceTitle "CBM 062 Extra"]
[Source "ChessBase"]
[SourceDate "1998.03.09"]
[SourceVersion "1"]
[SourceVersionDate "1998.03.09"]
[SourceQuality "1"]

1. e4 c5 2. Nf3 d6 3. d4 cxd4 4. Nxd4 Nf6 5. Nc3 g6 6. Be3 Bg7 7. f3 0-0 8. Qd2 Nc6 9. g4 h5 10. h3 Bd7 11. 0-0-0 Rc8 12. Rg1 Kh7 13. f4 Nxd4 14. Bxd4 Qa5 15. gxh5 Qxh5 16. Rg5 Qh6 17. e5 dxe5 18. fxe5 Ng8 19. Be3 Bc6 20. Rg4 Qh5 21. Rg5 Qh6 1/2-1/2

[Event "Melbourne Black Opal"]
[Site "Melbourne"]
[Date "1998.01.12"]
[Round "1"]
[White "Canfell, Gregory"]
[Black "Kagan, Naum M"]
[Result "1-0"]
[WhiteElo "2255"]
[BlackElo "2265"]
[PlyCount "97"]
[EventDate "1998.01.12"]
[EventType "tourn"]
[EventRounds "9"]
[EventCountry "AUS"]
[EventCategory "4"]
[SourceTitle "CBM 062 Extra"]
[Source "ChessBase"]
[SourceDate "1998.03.09"]
[SourceVersion "1"]
[SourceVersionDate "1998.03.09"]
[SourceQuality "1"]

1. e4 e6 2. d4 d5 3. Nd2 Nf6 4. e5 Nfd7 5. Bd3 c5 6. c3 Nc6 7. Ne2 cxd4 8. cxd4 f6 9. Nf4 Nxd4 10. Qh5+ Ke7 11. exf6+ Nxf6 12. Ng6+ hxg6 13. Qxh8 Kf7 14. 0-0 e5 15. Nf3 Nxf3+ 16. gxf3 Nh5 17. Bxg6+ Kxg6 18. Kh1 Qf6 19. Rg1+ Kf7 20. Qxh5+ g6 21. Qh7+ Bg7 22. Bh6 Bd7 23. Rae1 Re8 24. Rg5 Bf5 25. Bxg7 Qxg7 26. Rxf5+ gxf5 27. Qxf5+ Qf6 28. Qd7+ Kf8 29. Qxd5 e4 30. Qh5 Re5 31. Qg4 Rf5 32. Qxe4 Qf7 33. Qh4 Qf6 34. Qb4+ Kg7 35. Qe7+ Qf7 36. Qxf7+ Kxf7 37. Rc1 Rb5 38. b3 Kf6 39. Kg2 Rg5+ 40. Kf1 Ra5 41. a4 Ke6 42. Rc4 Kd6 43. Rb4 Kc7 44. h4 Rh5 45. Kg2 a5 46. Rb5 Rxh4 47. Rxa5 Rb4 48. Rb5 Rd4 49. Kg3 1-0

[Event "AUS-ch"]
[Site "Melbourne"]
[Date "1998.01.08"]
[Round "10"]
[White "Kagan, Naum M"]
[Black "Sandler, Leonid"]
[Result "0-1"]
[WhiteElo "2280"]
[BlackElo "2365"]
[PlyCount "134"]
[EventDate "1997.12.??"]
[EventType "swiss"]
[EventRounds "11"]
[EventCountry "AUS"]
[SourceTitle "EXT 2001"]
[Source "ChessBase"]
[SourceDate "2000.11.22"]
[SourceVersion "1"]
[SourceVersionDate "2000.11.22"]
[SourceQuality "1"]

1. d4 d5 2. c4 c6 3. Nf3 Nf6 4. Nc3 e6 5. e3 Nbd7 6. Qc2 Bd6 7. b3 0-0 8. Be2 b6 9. 0-0 Bb7 10. e4 e5 11. exd5 cxd5 12. Nb5 Bb8 13. Ba3 Re8 14. Rfd1 e4 15. Nd2 Nf8 16. c5 Qd7 17. Rac1 Rc8 18. Qb2 Ne6 19. Nf1 a6 20. Nd6 Bxd6 21. cxd6 Ne8 22. Qd2 Nxd6 23. Qb4 Nf4 24. Ng3 Nb5 25. Bb2 Nxe2+ 26. Nxe2 a5 27. Qd2 Nd6 28. Qf4 Re8 29. Nc3 Bc6 30. Rd2 Re6 31. Qg4 h6 32. Rdc2 f5 33. Qh3 Rf6 34. Ba3 Nf7 35. Na4 Bxa4 36. Rc7 Ng5 37. Qh4 Qe8 38. bxa4 Qg6 39. Kh1 f4 40. Be7 Rf7 41. Bxg5 Qxg5 42. Qxg5 hxg5 43. R7c6 Rf6 44. h3 Re8 45. Kg1 e3 46. fxe3 fxe3 47. Rxf6 gxf6 48. Kf1 Re4 49. Ke2 Rxd4 50. Kxe3 Rxa4 51. Rb1 Rxa2 52. Rxb6 Kf7 53. Kf3 Ra3+ 54. Kf2 d4 55. g3 d3 56. h4 gxh4 57. gxh4 Ra4 58. Rd6 Rxh4 59. Rxd3 Re4 60. Kf3 Re7 61. Rd4 Ra7 62. Ra4 Ke6 63. Ke4 Ra6 64. Kd4 f5 65. Kc5 Ke5 66. Ra1 a4 67. Re1+ Kf6 0-1

[Event "AUS-ch"]
[Site "Melbourne"]
[Date "1998.01.03"]
[Round "6"]
[White "Kagan, Naum M"]
[Black "Dwyer, Daniel"]
[Result "1-0"]
[WhiteElo "2280"]
[BlackElo "2135"]
[PlyCount "55"]
[EventDate "1997.12.??"]
[EventType "swiss"]
[EventRounds "11"]
[EventCountry "AUS"]
[SourceTitle "EXT 2001"]
[Source "ChessBase"]
[SourceDate "2000.11.22"]
[SourceVersion "1"]
[SourceVersionDate "2000.11.22"]
[SourceQuality "1"]

1. d4 d5 2. Nf3 Nf6 3. c4 c6 4. e3 e6 5. Nc3 Nbd7 6. Bd3 dxc4 7. Bxc4 b5 8. Bd3 Bb7 9. a3 a6 10. b4 a5 11. bxa5 Qxa5 12. Bb2 Nd5 13. Qb3 Nxc3 14. Bxc3 Qa4 15. Qb1 Nb6 16. 0-0 Nd5 17. Bd2 h6 18. e4 Nb6 19. d5 exd5 20. exd5 Nxd5 21. Re1+ Be7 22. Be4 c5 23. Qb2 Kf8 24. Qe5 f6 25. Qf5 Rd8 26. Ne5 Qd4 27. Ng6+ Kg8 28. Qe6+ 1-0

[Event "Australian Masters"]
[Site "Melbourne"]
[Date "1997.??.??"]
[Round "?"]
[White "Kagan, Naum M"]
[Black "Beaumont, David"]
[Result "1-0"]
[WhiteElo "2280"]
[BlackElo "2000"]
[PlyCount "81"]
[EventDate "1997.??.??"]
[EventType "tourn"]
[EventRounds "11"]
[EventCountry "AUS"]
[EventCategory "1"]
[SourceTitle "EXT 2001"]
[Source "ChessBase"]
[SourceDate "2000.11.22"]
[SourceVersion "1"]
[SourceVersionDate "2000.11.22"]
[SourceQuality "1"]

1. d4 d5 2. Nf3 Nf6 3. e3 Bf5 4. c4 c6 5. Nc3 e6 6. Be2 Bb4 7. 0-0 0-0 8. Qb3 Qe7 9. a3 Bd6 10. c5 Bc7 11. Bd2 Nbd7 12. Qxb7 Rfc8 13. Qb3 Rab8 14. Qa2 e5 15. b4 e4 16. Ne1 Ng4 17. Bxg4 Bxg4 18. f4 a6 19. h3 Bh5 20. g4 Bg6 21. f5 Qh4 22. Rf2 Qxh3 23. fxg6 fxg6 24. Nxd5 cxd5 25. Qxd5+ Kh8 26. Qxe4 Bg3 27. Rg2 Rf8 28. Nd3 g5 29. Rxg3 Qxg3+ 30. Qg2 Qh4 31. Be1 Qh6 32. Bg3 Qe6 33. Re1 Qc4 34. Qe2 Rbe8 35. Bd6 Rf6 36. Ne5 Qe6 37. d5 Qxd5 38. Nxd7 Rh6 39. Qg2 Re4 40. Rf1 g6 41. Qb2+ 1-0

[Event "Australian Masters"]
[Site "Melbourne"]
[Date "1997.??.??"]
[Round "?"]
[White "Kagan, Naum M"]
[Black "Wallace, John Paul"]
[Result "0-1"]
[WhiteElo "2280"]
[BlackElo "2350"]
[PlyCount "70"]
[EventDate "1997.??.??"]
[EventType "tourn"]
[EventRounds "11"]
[EventCountry "AUS"]
[EventCategory "1"]
[SourceTitle "EXT 2001"]
[Source "ChessBase"]
[SourceDate "2000.11.22"]
[SourceVersion "1"]
[SourceVersionDate "2000.11.22"]
[SourceQuality "1"]

1. d4 c5 2. e3 d5 3. Nf3 Nf6 4. Nbd2 cxd4 5. exd4 Bf5 6. c3 Nc6 7. Bb5 Qb6 8. Qb3 e6 9. Ne5 Rc8 10. a4 Bd6 11. a5 Qc7 12. a6 Bxe5 13. axb7 Qxb7 14. dxe5 Nd7 15. Ba6 Qxb3 16. Nxb3 Rb8 17. Nd4 Nxd4 18. cxd4 Rb4 19. 0-0 0-0 20. Rd1 Nb8 21. h3 Nc6 22. Be3 Rxb2 23. Rdc1 Bc2 24. Ra3 Rfb8 25. Kh2 h6 26. Rc3 Nb4 27. Ra1 Be4 28. Bf1 a6 29. f3 Bxf3 30. Bxh6 Nc2 31. Rxf3 Nxa1 32. Rg3 g6 33. Bxa6 Nc2 34. Rg4 R8b4 35. Bd2 Rxd4 0-1

[Event "Genting zt"]
[Site "Genting"]
[Date "1995.??.??"]
[Round "3"]
[White "Antonio, Rogelio Jr"]
[Black "Kagan, Naum M"]
[Result "1-0"]
[WhiteElo "2495"]
[BlackElo "2395"]
[PlyCount "59"]
[EventDate "1995.07.??"]
[EventType "swiss"]
[EventRounds "11"]
[EventCountry "INA"]
[SourceTitle "CBM 047 Extra"]
[Source "ChessBase"]
[SourceDate "1995.09.01"]
[SourceVersion "1"]
[SourceVersionDate "1995.09.01"]
[SourceQuality "1"]

1. e4 e5 2. Nf3 Nc6 3. Nc3 g6 4. Nd5 Bg7 5. d4 exd4 6. Bg5 Nce7 7. e5 h6 8. Bxe7 Nxe7 9. Qxd4 Nxd5 10. Qxd5 0-0 11. 0-0-0 d6 12. Qb3 Bxe5 13. Nxe5 Qg5+ 14. Kb1 Qxe5 15. Bc4 c6 16. Rhe1 Qf6 17. Re3 b5 18. Bd3 Be6 19. Qb4 a5 20. Qd2 a4 21. a3 b4 22. axb4 a3 23. Qc3 Qxf2 24. Bxg6 a2+ 25. Ka1 fxg6 26. Rxe6 Qxg2 27. Qd3 Rf5 28. Qxd6 Kg7 29. Re7+ Rf7 30. Qe5+ 1-0

[Event "Australian Masters"]
[Site "Melbourne"]
[Date "1995.??.??"]
[Round "8"]
[White "Kagan, Naum M"]
[Black "Dinh, Duc Trong"]
[Result "0-1"]
[WhiteElo "2395"]
[BlackElo "2240"]
[PlyCount "46"]
[EventDate "1995.??.??"]
[EventType "tourn"]
[EventRounds "11"]
[EventCountry "AUS"]
[EventCategory "4"]
[SourceTitle "EXT 1997"]
[Source "ChessBase"]
[SourceDate "1996.11.15"]
[SourceVersion "1"]
[SourceVersionDate "1996.11.15"]
[SourceQuality "1"]

1. d4 g6 2. g3 Bg7 3. Bg2 d6 4. Nf3 Nf6 5. c4 0-0 6. Nc3 Nbd7 7. 0-0 e5 8. e4 c6 9. b3 Qb6 10. Bb2 exd4 11. Nxd4 Nc5 12. Rb1 Re8 13. f3 a5 14. Kh1 Bd7 15. Nc2 Rad8 16. Qd2 d5 17. cxd5 cxd5 18. e5 d4 19. exf6 dxc3 20. Qxc3 Bf8 21. Rfe1 Bf5 22. Rxe8 Rxe8 23. Re1 Nd3 0-1

[Event "Australian Masters"]
[Site "Melbourne"]
[Date "1995.??.??"]
[Round "3"]
[White "Kagan, Naum M"]
[Black "Johansen, Darryl Keith"]
[Result "1/2-1/2"]
[WhiteElo "2395"]
[BlackElo "2510"]
[PlyCount "52"]
[EventDate "1995.??.??"]
[EventType "tourn"]
[EventRounds "11"]
[EventCountry "AUS"]
[EventCategory "4"]
[SourceTitle "EXT 1997"]
[Source "ChessBase"]
[SourceDate "1996.11.15"]
[SourceVersion "1"]
[SourceVersionDate "1996.11.15"]
[SourceQuality "1"]

1. Nf3 Nf6 2. c4 c6 3. g3 d5 4. b3 Bg4 5. Bb2 e6 6. Bg2 Nbd7 7. 0-0 Bd6 8. d3 0-0 9. Nbd2 a5 10. a3 Re8 11. Qc2 e5 12. e4 dxe4 13. dxe4 Qe7 14. h3 Bh5 15. Nh4 Bc5 16. Nf5 Qf8 17. Kh2 Be2 18. Rfe1 Bh5 19. Nf1 Bg6 20. g4 h6 21. N1g3 Red8 22. Red1 Re8 23. Rd2 Nb8 24. Qd1 Na6 25. Qf3 Re6 26. h4 Rd8 1/2-1/2

[Event "Australian Masters"]
[Site "Melbourne"]
[Date "1995.??.??"]
[Round "5"]
[White "Kagan, Naum M"]
[Black "West, Guy"]
[Result "1/2-1/2"]
[WhiteElo "2395"]
[BlackElo "2400"]
[PlyCount "34"]
[EventDate "1995.??.??"]
[EventType "tourn"]
[EventRounds "11"]
[EventCountry "AUS"]
[EventCategory "4"]
[SourceTitle "EXT 1997"]
[Source "ChessBase"]
[SourceDate "1996.11.15"]
[SourceVersion "1"]
[SourceVersionDate "1996.11.15"]
[SourceQuality "1"]

1. c4 e5 2. Nc3 Nf6 3. g3 c6 4. Bg2 d5 5. b3 d4 6. Nb1 a5 7. d3 a4 8. Nd2 Bb4 9. Ngf3 axb3 10. Qxb3 Qa5 11. a3 Nbd7 12. 0-0 Bd6 13. Qa2 Nc5 14. Nb3 Nxb3 15. Qxb3 Nd7 16. e3 dxe3 17. Bxe3 0-0 1/2-1/2

[Event "Genting zt"]
[Site "Genting"]
[Date "1995.??.??"]
[Round "10"]
[White "Kagan, Naum M"]
[Black "Wohl, Aleksandar H"]
[Result "1/2-1/2"]
[WhiteElo "2395"]
[BlackElo "2400"]
[PlyCount "21"]
[EventDate "1995.07.??"]
[EventType "swiss"]
[EventRounds "11"]
[EventCountry "INA"]
[SourceTitle "CBM 047 Extra"]
[Source "ChessBase"]
[SourceDate "1995.09.01"]
[SourceVersion "1"]
[SourceVersionDate "1995.09.01"]
[SourceQuality "1"]

1. e4 Nf6 2. Nc3 d5 3. e5 Nfd7 4. Nxd5 Nxe5 5. Nc3 c5 6. Nf3 Nec6 7. b3 Nd4 8. Bb2 Nbc6 9. Bc4 e6 10. 0-0 Be7 11. a4 1/2-1/2

[Event "Genting zt"]
[Site "Genting"]
[Date "1995.??.??"]
[Round "11"]
[White "Yang, Xian"]
[Black "Kagan, Naum M"]
[Result "1-0"]
[WhiteElo "2420"]
[BlackElo "2395"]
[PlyCount "73"]
[EventDate "1995.07.??"]
[EventType "swiss"]
[EventRounds "11"]
[EventCountry "INA"]
[SourceTitle "CBM 047 Extra"]
[Source "ChessBase"]
[SourceDate "1995.09.01"]
[SourceVersion "1"]
[SourceVersionDate "1995.09.01"]
[SourceQuality "1"]

1. e4 e5 2. Nf3 d6 3. d4 exd4 4. Nxd4 g6 5. Nc3 Bg7 6. g3 Nf6 7. Bg2 0-0 8. h3 Re8 9. 0-0 Nbd7 10. Re1 Nc5 11. Nb3 Ncd7 12. Nd4 c6 13. Bf4 Ne5 14. Qe2 Qc7 15. Rad1 a6 16. Bc1 b5 17. f4 Nc4 18. Qf2 Bb7 19. b3 Nb6 20. a3 Rad8 21. Nf3 c5 22. e5 dxe5 23. Rxd8 Rxd8 24. fxe5 Nfd5 25. Ne4 Nd7 26. Nd6 Bc6 27. Nxf7 Re8 28. e6 Nf8 29. c4 bxc4 30. bxc4 Nc3 31. Bf4 Qa7 32. Nh6+ Bxh6 33. Bxh6 Ne4 34. Rxe4 Bxe4 35. Ne5 Bf5 36. Bd5 Qe7 37. Qb2 1-0

[Event "Australian Masters"]
[Site "Melbourne"]
[Date "1993.02.27"]
[Round "8.1"]
[White "Levi, Eddy"]
[Black "Kagan, Naum M"]
[Result "0-1"]
[WhiteElo "2295"]
[BlackElo "2217"]
[PlyCount "48"]
[EventDate "1993.02.??"]
[EventType "tourn"]
[EventRounds "9"]
[EventCountry "AUS"]
[EventCategory "2"]
[SourceTitle "EXT 1997"]
[Source "ChessBase"]
[SourceDate "1996.11.15"]
[SourceVersion "1"]
[SourceVersionDate "1996.11.15"]
[SourceQuality "1"]

1. e4 e5 2. Nf3 Nc6 3. d4 exd4 4. Bc4 Nf6 5. 0-0 Bc5 6. e5 d5 7. exf6 dxc4 8. Re1+ Be6 9. Ng5 Qd5 10. Nc3 Qf5 11. Nce4 0-0-0 12. fxg7 Rhg8 13. g4 Qe5 14. Nxe6 fxe6 15. Bh6 d3 16. c3 Bb6 17. g5 Qf5 18. Kg2 d2 19. Re2 Ne5 20. Nf6 Nf3 21. Kg3 Nxg5 22. Nxg8 Qh3+ 23. Kf4 Qf3+ 24. Kxg5 Rd5+ 0-1